000
00307nam a22001337a 4500
008
171002b xxu||||| |||| 00| 0 eng d
020
_a
9780131113404
041
_a
eng
080
_2
4TH
_a
37
100
_a
47
101
_a
EDU
245
_a
YOUNG CHILDREN WITH SPECIAL NEEDS
_c
HOOPER,S.R
942
_2
udc
_c
BK
999
_c
31105
_d
31105